Oceňovanie majetku a zdrojov majetku v účtovníctve podnikateľských subjektov v SR bakalárska práca

Saved in:
Bibliographic Details
Main Author: Trnkusová, Ivana
Corporate Author: Fakulta hospodárskej informatiky EU. Katedra účtovníctva a audítorstva
Other Authors: Szászová, Renáta
Format: Book
Language:Slovak
Published: Bratislava 2010
Tags: Add Tag
No Tags, Be the first to tag this record!

MARC

LEADER 00000nbm a2200000 4500
001 0133728
005 20161109111546.6
041 0 |a slo 
044 |a SK 
245 1 0 |a Oceňovanie majetku a zdrojov majetku v účtovníctve podnikateľských subjektov v SR  |b bakalárska práca  |c Ivana Trnkusová ; školiteľ: Renáta Szászová 
264 1 |a Bratislava  |c 2010 
300 |a 42 s. 
100 1 |a Trnkusová, Ivana 
700 1 |a Szászová, Renáta 
710 2 |a Fakulta hospodárskej informatiky EU. Katedra účtovníctva a audítorstva